Normal view
MARC view
Entry Topical Term
001 - CONTROL NUMBER
- control field: 2006
003 - CONTROL NUMBER IDENTIFIER
- control field: ARRUPE
005 - DATE AND TIME OF LATEST TRANSACTION
- control field: 20131002110805.0
008 - FIXED-LENGTH DATA ELEMENTS
- fixed length control field: 131002|| aca||aabn | a|a d
040 ## - CATALOGING SOURCE
- Original cataloging agency: ARRUPE
- Transcribing agency: ARRUPE
150 ## - HEADING--TOPICAL TERM
- Topical term or geographic name as entry element: Human genetics
- General subdivision: Religious aspects
- General subdivision: Christianity
- Form subdivision: Congresses.
670 ## - SOURCE DATA FOUND
- Source citation: Work cat.: (ARRUPE)0: ITEST Workshop (2000 : Saint Louis, Mo.) 2003, Christianity and the human body :, c2001.